Recuperar la historia, recuperar la memoria (Record no. 179312)

MARC details
000 -LEADER
campo de control de longitud fija 01214nam a2200289 i 4500
001 - NÚMERO DE CONTROL
campo de control 179312
003 - IDENTIFICADOR DE NÚMERO DE CONTROL
campo de control ES-MaACL
005 - FECHA Y HORA DE LA ÚLTIMA TRANSACCIÓN
campo de control 20250720003807.0
008 - DATOS DE LONGITUD FIJA--INFORMACIÓN GENERAL
campo de control de longitud fija 111027s2007 sp p |||| | spa d
020 ## - NÚMERO INTERNACIONAL ESTÁNDAR DEL LIBRO
Número Internacional Estándar del Libro 978-84-7801-869-7
080 ## - NÚMERO DE LA CLASIFICACIÓN DECIMAL UNIVERSAL
Número de la Clasificación Decimal Universal 94(460)"15/17"
245 00 - MENCIÓN DEL TÍTULO
Título Recuperar la historia, recuperar la memoria
Resto del título : edición crítica de textos para el aprendizaje de historia moderna /
Mención de responsabilidad, etc. José Manuel de Bernardo Ares... [et al.].
260 ## - PUBLICACIÓN, DISTRIBUCIÓN, ETC.
Lugar de publicación, distribución, etc. Córdoba :
Nombre del editor, distribuidor, etc. Servicio de Publicaciones, Universidad de Córdoba,
Fecha de publicación, distribución, etc. 2007.
300 ## - DESCRIPCIÓN FÍSICA
Extensión XIII, 395 p. ;
Dimensiones 24 cm.
490 1# - MENCIÓN DE SERIE
Mención de serie Estudios de historia moderna. "Documental" ;
Designación de volumen o secuencia 3
500 ## - NOTA GENERAL
Nota general Índices.
504 ## - NOTA DE BIBLIOGRAFÍA, ETC.
Nota de bibliografía, etc. Bibliografía: p. [347]-358.
651 #7 - PUNTO DE ACCESO ADICIONAL DE MATERIA--NOMBRE GEOGRÁFICO
Nombre geográfico España-
Subdivisión general Historia-
Subdivisión de forma Fuentes.
9 (RLIN) 8345
700 1# - ENTRADA AGREGADA--NOMBRE PERSONAL
Nombre de persona Bernardo Ares, José Manuel de,
Fechas asociadas al nombre 1945-
9 (RLIN) 28291
710 2# - ENTRADA AGREGADA--NOMBRE DE ENTIDAD CORPORATIVA
Nombre de entidad corporativa o nombre de jurisdicción como elemento de entrada Universidad de Córdoba.
9 (RLIN) 7164
830 0# - PUNTO DE ACCESO ADICIONAL DE SERIE-TÍTULO UNIFORME
Título uniforme Estudios de historia moderna. "Documental" ;
Designación de volumen o secuencia 3
9 (RLIN) 224438
852 ## - LOCALIZACIÓN
Ubicación ES-MaACL
Número de control de estantería A-11677
itemnumber 186198
Sublocalización o colección R.146735
Ubicación en estantería Depósito 1
Signatura antigua Olim: N-4682
Encuadernación Donación: José Manuel de Bernardo Ares
903 ## - NOMBRE PERSONAL DE DONANTE
a Bernardo Ares, José Manuel de,
d 1945-
e Donante
9 28291
942 ## - ELEMENTOS DE ENTRADA SECUNDARIOS (KOHA)
Fuente del sistema de clasificación o colocación Clasificación decimal universal
Tipo de ítem Koha Libro impreso
Holdings
Estatus retirado Estado de pérdida Fuente del sistema de clasificación o colocación Estado de daño No para préstamo Biblioteca de origen Biblioteca actual Ubicación en estantería Fecha de adquisición Fuente de adquisición Total de préstamos Signatura topográfica completa Código de barras Visto por última vez Precio de reemplazo Tipo de ítem Koha
    Clasificación decimal universal     Biblioteca del Ateneo de Madrid Biblioteca del Ateneo de Madrid Depósito 1 27/10/2011 Donación   A-11677 1188370 23/02/2023 23/02/2023 Libro impreso